000 00360nam a22001337a 4500
999 _c1719
_d1719
008 200131b ||||| |||| 00| 0 eng d
082 0 0 _a623.88
_bI339
110 _976
_aInternational Maritime Organization
245 1 0 _aSTCW 95
260 _aLondon:
_bInternational Maritime Organization,
_c1966.
300 _av, 78 p.
650 0 _aShip Operations
942 _cBK